[Event "III Liga KPZSzach - Sezon 2016/2017"]
[Site "Wojewodztwo Kujawsko-Pomorskie"]
[Date "2016.??.??"]
[Round "3.1"]
[White "Grabarczyk, Sylwester"]
[Black "Baumann, Dariusz"]
[Result "1/2-1/2"]
[WhiteElo "1791"]
[BlackElo "2062"]
[PlyCount "101"]
[EventDate "2016.??.??"]

1. e4 c5 2. Nc3 Nc6 3. g3 g6 4. Bg2 Bg7 5. d3 e6 6. Nh3 Nge7 7. O-O O-O 8. Bg5
h6 9. Be3 d6 10. Qd2 Kh7 11. f4 Nd4 12. Rae1 Qa5 13. g4 f5 14. Nf2 Rb8 15. exf5
gxf5 16. Qd1 b5 17. a3 Bd7 18. g5 b4 19. axb4 Qxb4 20. Bc1 Rh8 21. Re3 hxg5 22.
Rh3+ Kg8 23. fxg5 Rxh3 24. Nxh3 Ng6 25. Nf4 Nxf4 26. Rxf4 Be8 27. Nd5 exd5 28.
Bxd5+ Bf7 29. c3 Qb6 30. Bxf7+ Kxf7 31. Qh5+ Kg8 32. cxd4 Bxd4+ 33. Rxd4 cxd4
34. Qg6+ Kf8 35. Qxf5+ Ke8 36. g6 Qc5 37. Qf7+ Kd8 38. Bf4 Rxb2 39. g7 Rb1+ 40.
Kg2 Qc2+ 41. Kh3 Qxd3+ 42. Kh4 Qh7+ 43. Kg4 Rg1+ 44. Bg3 Qe4+ 45. Kh3 Qg2+ 46.
Kg4 Qe4+ 47. Kh3 Qh7+ 48. Kg4 Qe4+ 49. Kh3 Qh7+ 50. Kg4 Qe4+ 51. Kh3 1/2-1/2

[Event "III Liga KPZSzach - Sezon 2016/2017"]
[Site "Wojewodztwo Kujawsko-Pomorskie"]
[Date "2016.??.??"]
[Round "3.2"]
[White "Kulinski, Krzysztof"]
[Black "Hetmanski, Waldemar"]
[Result "1-0"]
[WhiteElo "2058"]
[BlackElo "1860"]
[PlyCount "67"]
[EventDate "2016.??.??"]

1. c4 Nf6 2. Nc3 g6 3. g3 Bg7 4. Bg2 O-O 5. Nf3 c5 6. O-O d6 7. d3 Na6 8. Bd2
Nc7 9. Rb1 Rb8 10. b4 cxb4 11. Rxb4 e5 12. Qa4 Qe7 13. Rfb1 Na6 14. R4b2 b6 15.
Nb5 h6 16. Bc3 Rd8 17. Qc2 Bb7 18. a4 Ba8 19. a5 e4 20. Nfd4 Rbc8 21. axb6 axb6
22. Ra2 e3 23. f3 Nc5 24. Na7 Rc7 25. Ndb5 Rcd7 26. d4 Ne6 27. d5 Nc5 28. Nc6
Qe8 29. Nxd8 Qxd8 30. Nd4 Rb7 31. Nc6 Qe8 32. Qb2 Nh5 33. Bxg7 Nxg7 34. Rba1
1-0

[Event "III Liga KPZSzach - Sezon 2016/2017"]
[Site "Wojewodztwo Kujawsko-Pomorskie"]
[Date "2016.??.??"]
[Round "3.3"]
[White "Tabaczka, Jerzy"]
[Black "Cichocki, Konrad"]
[Result "0-1"]
[WhiteElo "1753"]
[BlackElo "1831"]
[PlyCount "32"]
[EventDate "2016.??.??"]

1. c4 Nf6 2. Nc3 e5 3. g3 Bb4 4. Qb3 Bxc3 5. Qxc3 Nc6 6. Bg2 d5 7. cxd5 Nxd5 8.
Qb3 Be6 9. Qa4 O-O 10. d3 Nb6 11. Qd1 Qd7 12. Be3 Rad8 13. h4 Bd5 14. Nf3 Qe7
15. Qc1 Nd4 16. O-O Nxe2+ 0-1

[Event "III Liga KPZSzach - Sezon 2016/2017"]
[Site "Wojewodztwo Kujawsko-Pomorskie"]
[Date "2016.??.??"]
[Round "3.4"]
[White "Grochowalski, Pawel"]
[Black "Jozwicki, Jakub"]
[Result "1/2-1/2"]
[WhiteElo "2136"]
[BlackElo "2225"]
[PlyCount "70"]
[EventDate "2016.??.??"]

1. c4 e6 2. d4 d5 3. Nf3 Nf6 4. Nc3 c6 5. cxd5 exd5 6. Bg5 Be7 7. e3 O-O 8. Bd3
Be6 9. Qc2 h6 10. Bh4 b6 11. Ne5 Nfd7 12. Bg3 Nxe5 13. Bxe5 c5 14. dxc5 Nc6 15.
Bd6 bxc5 16. Bxe7 Qxe7 17. O-O c4 18. Be2 Rab8 19. Rfd1 Qb7 20. Rd2 Rfd8 21.
Rad1 Qb6 22. Na4 Qa5 23. a3 Rb3 24. Nc3 Rdb8 25. Qc1 Ne7 26. Bf3 Kf8 27. h3 Qc7
28. g4 Kg8 29. Kg2 Ng6 30. Kg1 Ne5 31. Be2 Qb7 32. Nxd5 Bxd5 33. Rxd5 Nd3 34.
Bxd3 cxd3 35. R5xd3 Rxb2 1/2-1/2

[Event "III Liga KPZSzach - Sezon 2016/2017"]
[Site "Wojewodztwo Kujawsko-Pomorskie"]
[Date "2016.??.??"]
[Round "3.5"]
[White "Bieniek, Daria"]
[Black "Cichocka, Katarzyna"]
[Result "0-1"]
[WhiteElo "1195"]
[BlackElo "1585"]
[PlyCount "108"]
[EventDate "2016.??.??"]

1. e4 c5 2. Nf3 d6 3. c3 Nf6 4. Bd3 Nc6 5. Bc2 Bg4 6. Qe2 a6 7. Qe3 g6 8. h3
Bd7 9. d4 cxd4 10. cxd4 Bg7 11. O-O Rc8 12. Nc3 O-O 13. a3 Na5 14. Qd3 Nc4 15.
Bb3 b5 16. Ne2 d5 17. e5 Bf5 18. Qd1 Nd7 19. Nd2 Ndb6 20. Ng3 Bd3 21. Re1 Na5
22. Ba2 Bc2 23. Qf3 Nc6 24. Ne2 Nc4 25. Qc3 Bf5 26. Nb3 Qb6 27. Nc5 N6xe5 28.
Nf4 Qd6 29. b4 Nc6 30. Be3 Nxe3 31. fxe3 Nxd4 32. exd4 Qxf4 33. Rad1 Be4 34.
Qb2 e6 35. Bb1 Bxb1 36. Qxb1 Bxd4+ 37. Kh1 Bxc5 38. bxc5 Rxc5 39. Rf1 Qd6 40.
Qd3 Rfc8 41. Qf3 Qe7 42. Rf2 Rc3 43. Qf4 e5 44. Qh2 d4 45. Re1 Rc1 46. Ref1
Rxf1+ 47. Rxf1 f6 48. Qg3 Qd6 49. h4 Rc3 50. Qg4 d3 51. Qd1 Rc2 52. Qb1 Qc6 53.
Qb3+ Kg7 54. Qxd3 Qxg2# 0-1

[Event "III Liga KPZSzach - Sezon 2016/2017"]
[Site "Wojewodztwo Kujawsko-Pomorskie"]
[Date "2016.??.??"]
[Round "3.6"]
[White "Zolnierowicz, Krzysztof"]
[Black "Kacprzak, Karol"]
[Result "1-0"]
[WhiteElo "2025"]
[BlackElo "1567"]
[PlyCount "69"]
[EventDate "2016.??.??"]

1. c4 c5 2. g3 Nf6 3. Bg2 d5 4. cxd5 Nxd5 5. Nf3 Nc6 6. d4 Bf5 7. Nc3 Nxc3 8.
bxc3 e6 9. O-O Be7 10. Qb3 Qd7 11. Ne5 Nxe5 12. dxe5 O-O 13. Qxb7 Qxb7 14. Bxb7
Rab8 15. Bg2 Rfc8 16. e4 Bg6 17. f4 Bh5 18. f5 exf5 19. exf5 Rd8 20. Bf4 Rb2
21. Rf2 Rxf2 22. Kxf2 Rb8 23. Be4 Rb2+ 24. Ke3 Re2+ 25. Kd3 Bd8 26. c4 Rb2 27.
h3 Rh2 28. Rb1 Bb6 29. a4 h6 30. Rb5 Ra2 31. g4 Ra3+ 32. Kd2 Rxh3 33. gxh5 Rh4
34. Ke3 Rh3+ 35. Bf3 1-0

[Event "III Liga KPZSzach - Sezon 2016/2017"]
[Site "Wojewodztwo Kujawsko-Pomorskie"]
[Date "2016.??.??"]
[Round "3.7"]
[White "Wloch, Mikolaj"]
[Black "Cwik, Jakub"]
[Result "1-0"]
[WhiteElo "1600"]
[BlackElo "1831"]
[PlyCount "55"]
[EventDate "2016.??.??"]

1. e4 e6 2. d4 d5 3. exd5 exd5 4. Bd3 Nc6 5. Nf3 Bd6 6. O-O Nge7 7. c3 Bg4 8.
Be3 Qd7 9. Nbd2 O-O-O 10. b4 Bf5 11. Nb3 Bxd3 12. Qxd3 Qf5 13. Qe2 Ng6 14. b5
Nce7 15. a4 Qg4 16. h3 Nf4 17. Bxf4 Qxf4 18. b6 axb6 19. a5 bxa5 20. Nxa5 b6
21. g3 Qe4 22. Qa6+ Kd7 23. Qb5+ Kc8 24. Nb3 Qxf3 25. Ra8+ Kb7 26. Na5+ Kxa8
27. Qa6+ Kb8 28. Qb7# 1-0

[Event "III Liga KPZSzach - Sezon 2016/2017"]
[Site "Wojewodztwo Kujawsko-Pomorskie"]
[Date "2016.??.??"]
[Round "3.8"]
[White "Rogulski, Sebastian"]
[Black "Paprocki, Stanislaw"]
[Result "0-1"]
[WhiteElo "1517"]
[BlackElo "1553"]
[PlyCount "158"]
[EventDate "2016.??.??"]

1. e4 c5 2. Nf3 d6 3. d4 cxd4 4. Nxd4 Nf6 5. f3 a6 6. Nc3 b5 7. Be3 Bb7 8. Be2
e6 9. O-O Be7 10. a3 O-O 11. Qc1 Nbd7 12. Rd1 Qc7 13. Bd3 Ne5 14. Kh1 Nfd7 15.
Qd2 Nc5 16. b4 Ncd7 17. Nb3 Rac8 18. Ne2 Bf6 19. Rab1 Nb6 20. Na5 Ba8 21. Bd4
Rfd8 22. Qe3 Nec4 23. Bxc4 Bxd4 24. Qxd4 Nxc4 25. Nxc4 Qxc4 26. Qxc4 Rxc4 27.
c3 Kf8 28. Rd4 Rcc8 29. Rc1 Ke7 30. Kg1 g5 31. Kf2 Rg8 32. h3 Rg6 33. Ke3 h5
34. g4 Rh6 35. Ng3 hxg4 36. hxg4 Rh3 37. Ne2 f5 38. gxf5 exf5 39. exf5 Rxf3+
40. Kd2 Rxf5 41. c4 bxc4 42. Rcxc4 Rxc4 43. Rxc4 Kd7 44. Nd4 Rf2+ 45. Ke3 Rh2
46. a4 Rh3+ 47. Kf2 Bd5 48. Rc1 Rd3 49. Ne2 g4 50. Rc3 Rd2 51. Ke3 Rb2 52. Nf4
Bf3 53. Nd3 Re2+ 54. Kf4 Re4+ 55. Kg3 Be2 56. Nc1 Bd1 57. Na2 Bxa4 58. Ra3 Bb5
59. Nc3 Rxb4 60. Nd5 Rd4 61. Nf6+ Kc6 62. Nxg4 Kb6 63. Ne3 a5 64. Kf3 a4 65.
Kf2 Rd2+ 66. Ke1 Rb2 67. Kd1 Ka5 68. Kc1 Rh2 69. Nc2 d5 70. Nd4 Bc4 71. Kb1 Rd2
72. Nc2 Bd3 73. Ra2 Bxc2+ 74. Kc1 Rh2 75. Rb2 d4 76. Ra2 d3 77. Rb2 Rg2 78. Rb8
Rg1+ 79. Kd2 Rd1+ 0-1

[Event "III Liga KPZSzach - Sezon 2016/2017"]
[Site "Wojewodztwo Kujawsko-Pomorskie"]
[Date "2016.??.??"]
[Round "3.9"]
[White "Kacprzak, Kacper"]
[Black "Urban, Jacek"]
[Result "0-1"]
[WhiteElo "1543"]
[BlackElo "1479"]
[PlyCount "80"]
[EventDate "2016.??.??"]

1. e4 e5 2. Nf3 Nf6 3. Nxe5 d6 4. Nf3 Nxe4 5. Nc3 Nf6 6. d4 Be7 7. Bd3 O-O 8.
Bf4 d5 9. Qd2 a6 10. O-O-O b5 11. Rdg1 b4 12. Ne2 Bb7 13. g4 Ne4 14. Qe3 Nd7
15. Bxe4 dxe4 16. Nd2 Nb6 17. Qg3 Rc8 18. Be3 Re8 19. h4 c5 20. g5 Bd6 21. Qg4
Qd7 22. Qg2 Qe6 23. Kb1 Nd5 24. h5 g6 25. hxg6 fxg6 26. Rh6 Bf8 27. Rh4 c4 28.
Nf1 b3 29. axb3 cxb3 30. c3 a5 31. Rgh1 Rc7 32. Qh2 Ree7 33. Nd2 Ba6 34. Nc1
Bd3+ 35. Nxd3 exd3 36. Re4 Qf7 37. Rxe7 Rxe7 38. Qg3 a4 39. Nc4 Nxc3+ 40. bxc3
Qxc4 0-1

[Event "III Liga KPZSzach - Sezon 2016/2017"]
[Site "Wojewodztwo Kujawsko-Pomorskie"]
[Date "2016.??.??"]
[Round "3.10"]
[White "Pyzewska, Ewelina"]
[Black "Wloch, Dominika"]
[Result "1/2-1/2"]
[WhiteElo "1366"]
[BlackElo "1180"]
[PlyCount "133"]
[EventDate "2016.??.??"]

1. e4 e5 2. Nf3 Nc6 3. Bc4 Nd4 4. c3 Nxf3+ 5. Qxf3 Nf6 6. d4 d6 7. h3 h6 8. O-O
Be7 9. Rd1 exd4 10. cxd4 O-O 11. e5 Ne8 12. Nc3 c6 13. Bb3 d5 14. Bc2 Bg5 15.
Re1 Be6 16. Be3 Nc7 17. Qe2 g6 18. f4 Bh4 19. Rf1 f5 20. g4 Qd7 21. Bd1 c5 22.
Na4 cxd4 23. Bxd4 Qb5 24. Rc1 Qxe2 25. Bxe2 Rfc8 26. Rc2 b5 27. Nc3 Bd7 28.
Rfc1 a6 29. Nd1 Ne6 30. Bf2 Rxc2 31. Rxc2 Bxf2+ 32. Nxf2 Nxf4 33. Bf3 Re8 34.
Rc7 fxg4 35. hxg4 Bc8 36. Rc6 Bb7 37. Rc7 Bc8 38. Kh2 d4 39. Kg3 Ne6 40. Bd5
Kh8 41. Bxe6 Bxe6 42. Rc6 Bxa2 43. Rxg6 Re6 44. Rxe6 Bxe6 45. Ne4 d3 46. b4 Bd5
47. Nd2 Kg7 48. Kf4 Kg6 49. Ke3 Kg5 50. Kxd3 Kxg4 51. Kd4 Bb7 52. Kc5 h5 53. e6
Bc8 54. e7 Bd7 55. Ne4 Kf5 56. Kd6 Be8 57. Kd5 h4 58. Nd6+ Kf6 59. Nxe8+ Kxe7
60. Nd6 h3 61. Ne4 h2 62. Nf2 Kd7 63. Kc5 Kc7 64. Nh1 Kb7 65. Nf2 Ka7 66. Nh1
Kb7 67. Nf2 1/2-1/2

[Event "III Liga KPZSzach - Sezon 2016/2017"]
[Site "Wojewodztwo Kujawsko-Pomorskie"]
[Date "2016.??.??"]
[Round "3.11"]
[White "Stasiak, Tomasz"]
[Black "Szybowicz, Piotr"]
[Result "1-0"]
[WhiteElo "1621"]
[BlackElo "1938"]
[PlyCount "91"]
[EventDate "2016.??.??"]

1. d4 c5 2. e3 e6 3. Nf3 d5 4. b3 Nc6 5. Bb2 Nf6 6. Be2 Be7 7. O-O O-O 8. Nbd2
b6 9. c4 Bb7 10. dxc5 bxc5 11. Ne5 Nxe5 12. Bxe5 Qb6 13. Bf3 Rfd8 14. Qc2 a5
15. Rfd1 Rac8 16. cxd5 exd5 17. h3 Qe6 18. Bc3 Qb6 19. Rab1 Bc6 20. e4 dxe4 21.
Nc4 Qc7 22. Bxa5 Rxd1+ 23. Rxd1 Qf4 24. Bd2 Qh4 25. Be2 Nd5 26. Be3 Nxe3 27.
Nxe3 Qg5 28. Bc4 Rd8 29. Rxd8+ Bxd8 30. b4 cxb4 31. Bxf7+ Kxf7 32. Qxc6 Be7 33.
Qxe4 Qf6 34. Qc4+ Kg6 35. Nd5 Qa1+ 36. Kh2 Qe1 37. Nf4+ Kf6 38. Nd3 Qc3 39. Qd5
Qc7+ 40. g3 Qc3 41. Qf3+ Ke6 42. Nf4+ Kd7 43. Qd5+ Bd6 44. Qe6+ Kc6 45. Kg2 Qe5
46. Qg8 1-0

[Event "III Liga KPZSzach - Sezon 2016/2017"]
[Site "Wojewodztwo Kujawsko-Pomorskie"]
[Date "2016.??.??"]
[Round "3.12"]
[White "Wargulec, Dariusz"]
[Black "Winkler, Bogdan"]
[Result "1-0"]
[WhiteElo "1934"]
[BlackElo "1533"]
[PlyCount "83"]
[EventDate "2016.??.??"]

1. Nf3 Nf6 2. c4 e6 3. d4 d5 4. Nc3 Bb4 5. Bg5 O-O 6. e3 b6 7. Bd3 dxc4 8. Bxc4
Bb7 9. O-O Bxc3 10. bxc3 h6 11. Bh4 Nbd7 12. Bd3 Qc8 13. Re1 c5 14. e4 c4 15.
Bc2 b5 16. Rb1 a6 17. Nd2 Qc6 18. Re3 Rac8 19. Rg3 e5 20. d5 Qd6 21. a4 Qb6 22.
Qf3 Rc5 23. Nf1 Bc8 24. Ne3 Kh7 25. Ng4 Nxg4 26. Qxg4 g6 27. Be7 Rg8 28. Bxc5
Nxc5 29. Qe2 Qa5 30. axb5 axb5 31. h3 Bd7 32. Qe3 Qa3 33. Qd2 Qa2 34. Qc1 Qa6
35. Ra1 Qd6 36. Ra7 Be8 37. Qa3 Qb6 38. Ra8 Kg7 39. Rc8 Nd7 40. Qe7 Qf6 41.
Rxe8 Qxe7 42. Rxe7 1-0

[Event "III Liga KPZSzach - Sezon 2016/2017"]
[Site "Wojewodztwo Kujawsko-Pomorskie"]
[Date "2016.??.??"]
[Round "3.15"]
[White "Berezowska, Patrycja"]
[Black "Karwowska, Danuta"]
[Result "0-1"]
[WhiteElo "1363"]
[BlackElo "1281"]
[PlyCount "90"]
[EventDate "2016.??.??"]

1. e4 d5 2. e5 e6 3. d4 c5 4. c3 Nc6 5. Bb5 Qb6 6. Na3 cxd4 7. Bxc6+ bxc6 8.
Qb3 dxc3 9. bxc3 Bc5 10. Qxb6 axb6 11. Nc2 Ne7 12. Nf3 b5 13. O-O Ng6 14. Re1
Bb6 15. Bd2 c5 16. a3 Bd7 17. h3 Bc6 18. Nh2 O-O 19. Kf1 Rfd8 20. Ng4 Ba5 21.
Red1 Bc7 22. Re1 Ba5 23. Red1 Bc7 24. Re1 h5 25. Nh2 Nxe5 26. Bf4 f6 27. Bg3
Ba5 28. Bxe5 fxe5 29. Re3 e4 30. Rd1 Bc7 31. g3 Rf8 32. Kg2 g5 33. Rf1 Rf6 34.
f3 Raf8 35. fxe4 dxe4 36. Rxf6 Rxf6 37. Ne1 Rf8 38. Nc2 Bb6 39. Re2 e3+ 40. Kg1
c4 41. Nxe3 Be4 42. Nhf1 Bd3 43. Rf2 Bxf1 44. Rxf8+ Kxf8 45. Kxf1 Bxe3 0-1

[Event "III Liga KPZSzach - Sezon 2016/2017"]
[Site "Wojewodztwo Kujawsko-Pomorskie"]
[Date "2016.??.??"]
[Round "3.16"]
[White "Jaroch, Karol"]
[Black "Sliwicki, Damian"]
[Result "1-0"]
[WhiteElo "2236"]
[BlackElo "2118"]
[PlyCount "73"]
[EventDate "2016.??.??"]

1. e4 e5 2. Nf3 Nc6 3. Bc4 Nf6 4. d3 h6 5. Nc3 d6 6. Be3 g6 7. h3 Bg7 8. Qd2 a6
9. a3 Qe7 10. O-O g5 11. d4 Bd7 12. dxe5 Nxe5 13. Nxe5 dxe5 14. b4 b6 15. Nd5
Nxd5 16. Bxd5 Rd8 17. Qe2 O-O 18. Qxa6 Kh8 19. Qc4 g4 20. hxg4 Bxg4 21. f3 Bc8
22. a4 f5 23. exf5 Rxf5 24. Rad1 Rh5 25. Bf7 Rh4 26. Rxd8+ Qxd8 27. Qb3 Qd6 28.
c3 e4 29. Rd1 Qh2+ 30. Kf2 Bf6 31. Rd8+ Bxd8 32. Bd4+ Kh7 33. Bg8+ Kg6 34. Qf7+
Kg5 35. Qd5+ Kg6 36. Bh7+ Kxh7 37. Qf7# 1-0

[Event "III Liga KPZSzach - Sezon 2016/2017"]
[Site "Wojewodztwo Kujawsko-Pomorskie"]
[Date "2016.??.??"]
[Round "3.17"]
[White "Jablonski, Miroslaw"]
[Black "Szatkowski, Pawel"]
[Result "1-0"]
[WhiteElo "1994"]
[BlackElo "1210"]
[PlyCount "51"]
[EventDate "2016.??.??"]

1. d4 Nf6 2. Nf3 e6 3. e3 d5 4. Bd3 a6 5. Nbd2 c5 6. c3 c4 7. Bc2 b5 8. e4 Bb7
9. e5 Nfd7 10. O-O Nc6 11. Re1 b4 12. Nf1 a5 13. Ng5 h6 14. Qh5 Qe7 15. Nxf7
Nf6 16. exf6 gxf6 17. Nxh8+ Kd7 18. Bf5 Nd8 19. Ng6 Qe8 20. Nxf8+ Qxf8 21. Bxh6
Qg8 22. Bh3 b3 23. Re3 Ra6 24. Rg3 Qh8 25. Rg7+ Kc8 26. Qg6 1-0

[Event "III Liga KPZSzach - Sezon 2016/2017"]
[Site "Wojewodztwo Kujawsko-Pomorskie"]
[Date "2016.??.??"]
[Round "3.18"]
[White "Kozlowski, Michal"]
[Black "Tamon, Radoslaw"]
[Result "0-1"]
[WhiteElo "1266"]
[BlackElo "1800"]
[PlyCount "40"]
[EventDate "2016.??.??"]

1. e4 e5 2. Nf3 Nc6 3. Bc4 Bc5 4. d3 Nf6 5. a3 d6 6. h3 Be6 7. Bxe6 fxe6 8. Nc3
d5 9. exd5 exd5 10. Bg5 Qd7 11. Qd2 O-O 12. O-O a5 13. Rae1 Rae8 14. Re2 Nh5
15. Rfe1 Rxf3 16. Na4 Ba7 17. gxf3 Qxh3 18. Be3 Re6 19. c3 Rg6+ 20. Bg5 Ng3 0-1

[Event "III Liga KPZSzach - Sezon 2016/2017"]
[Site "Wojewodztwo Kujawsko-Pomorskie"]
[Date "2016.??.??"]
[Round "3.19"]
[White "Darowicki, Mariusz"]
[Black "Zygadlo, Kajetan"]
[Result "1-0"]
[WhiteElo "1945"]
[BlackElo "1378"]
[PlyCount "105"]
[EventDate "2016.??.??"]

1. d4 d5 2. c4 e6 3. Nf3 Nf6 4. g3 Nbd7 5. Bg2 Be7 6. O-O O-O 7. b3 c6 8. Nc3
Bb4 9. Qd3 Bxc3 10. Qxc3 Ne4 11. Qc2 a6 12. Ne5 Nef6 13. Rd1 Qb6 14. Bf4 Nh5
15. Be3 Qc7 16. Nd3 Nhf6 17. Bf4 Qd8 18. Rac1 Re8 19. a4 Nf8 20. Ne5 Ng6 21.
Nxg6 fxg6 22. b4 Bd7 23. Bg5 Qe7 24. c5 Qf7 25. Qb2 Rf8 26. f3 h6 27. Bf4 Rfc8
28. e4 g5 29. Be5 Qg6 30. Qe2 Qf7 31. Rf1 Qg6 32. a5 Rf8 33. Bd6 Rf7 34. Rce1
Re8 35. Kh1 Qh5 36. e5 Nh7 37. Qc2 Nf8 38. Rf2 Qg6 39. Qd2 Qf5 40. Ref1 Nh7 41.
Rg1 Nf8 42. Bf1 Qh7 43. Bd3 g6 44. h3 Qg7 45. Rgf1 Nh7 46. Qc2 Nf8 47. f4 gxf4
48. Rxf4 Rxf4 49. Rxf4 Rc8 50. Rf6 g5 51. Bxf8 Rxf8 52. Rg6 Qxg6 53. Bxg6 1-0

[Event "III Liga KPZSzach - Sezon 2016/2017"]
[Site "Wojewodztwo Kujawsko-Pomorskie"]
[Date "2016.??.??"]
[Round "3.21"]
[White "Gawronski, Miroslaw"]
[Black "Bieluszewski, Robert"]
[Result "1-0"]
[WhiteElo "2092"]
[BlackElo "1877"]
[PlyCount "101"]
[EventDate "2016.??.??"]

1. d4 d5 2. Nf3 c6 3. Bf4 Nf6 4. h3 g6 5. e3 Bg7 6. c4 O-O 7. Nc3 Bf5 8. Qb3 b6
9. Ne5 dxc4 10. Bxc4 e6 11. a4 Ne4 12. g4 Nxc3 13. gxf5 Nd5 14. fxe6 fxe6 15.
Bg3 Bxe5 16. Bxe5 Nd7 17. Bd6 Re8 18. O-O-O N7f6 19. Be5 a6 20. Rdg1 b5 21. Bd3
Kf7 22. e4 Nb6 23. axb5 axb5 24. f4 Nfd7 25. Bd6 Nf6 26. Bc5 Na4 27. f5 Nxc5
28. fxg6+ hxg6 29. dxc5 Qd4 30. Kb1 Red8 31. Rd1 Qxc5 32. e5 Nh5 33. Rdf1+ Kg7
34. Bxg6 Qxe5 35. Rhg1 Kh8 36. Re1 Qd5 37. Qc3+ Ng7 38. Bc2 Rd7 39. Qf6 Rda7
40. Qh6+ Kg8 41. Qh7+ Kf8 42. Ref1+ Ke8 43. Qg8+ Kd7 44. Qxg7+ Kd6 45. Qg3+ Ke7
46. Qg7+ Kd6 47. Qxa7 Rxa7 48. Rd1 e5 49. h4 Kc5 50. Rxd5+ cxd5 51. Bg6 1-0

[Event "III Liga KPZSzach - Sezon 2016/2017"]
[Site "Wojewodztwo Kujawsko-Pomorskie"]
[Date "2016.??.??"]
[Round "3.22"]
[White "Luchowski, Ferdynand"]
[Black "Kwiatkowski, Jacek"]
[Result "1/2-1/2"]
[WhiteElo "1578"]
[BlackElo "1845"]
[PlyCount "69"]
[EventDate "2016.??.??"]

1. d4 Nf6 2. c4 c5 3. e3 g6 4. Nc3 Bg7 5. Nf3 cxd4 6. exd4 e6 7. Be3 O-O 8. Be2
b6 9. O-O Bb7 10. Rc1 d6 11. a3 Nbd7 12. h3 Qe7 13. Qd2 Rfd8 14. Bh6 Bh8 15.
Bg5 Rac8 16. b3 Re8 17. Rfe1 Bg7 18. Bh6 Ne4 19. Nxe4 Bxe4 20. Bxg7 Kxg7 21.
Qe3 Bb7 22. a4 h6 23. Bd1 f5 24. Be2 e5 25. d5 Qf6 26. Rb1 f4 27. Qd2 e4 28.
Nd4 Nc5 29. Qb2 Re5 30. b4 Nd7 31. Ne6+ Kh7 32. Bf1 Ba6 33. b5 Bb7 34. Kh1 Qh4
35. Rxe4 1/2-1/2

[Event "III Liga KPZSzach - Sezon 2016/2017"]
[Site "Wojewodztwo Kujawsko-Pomorskie"]
[Date "2016.??.??"]
[Round "3.23"]
[White "Chodorowski, Dawid"]
[Black "Bieluszewski, Lukasz"]
[Result "0-1"]
[WhiteElo "1861"]
[BlackElo "1644"]
[PlyCount "94"]
[EventDate "2016.??.??"]

1. g3 d5 2. Bg2 Nf6 3. f4 e6 4. Nf3 Bc5 5. d4 Bb6 6. O-O c5 7. e3 Nc6 8. c3 O-O
9. Nbd2 Bd7 10. Ne5 cxd4 11. exd4 Ne7 12. Nxd7 Qxd7 13. Qe2 h5 14. Nf3 Nf5 15.
Ne5 Qc7 16. Bd2 Rac8 17. Be1 Ng4 18. Nxg4 hxg4 19. Bf2 Nh6 20. Rfe1 Rce8 21.
Qd3 f5 22. Re3 Qd7 23. Rae1 Nf7 24. Qe2 Nd8 25. h3 gxh3 26. Bxh3 g6 27. g4 Qh7
28. Bg2 fxg4 29. Qxg4 Bc7 30. Bg3 Rf5 31. c4 dxc4 32. Be4 Rf6 33. Bc2 Ref8 34.
Rf3 Bb6 35. Re4 Qd7 36. Bh4 Bxd4+ 37. Kg2 R6f7 38. Bxd8 Rxd8 39. Rxe6 Rg7 40.
b3 Bc5 41. Bxg6 Qd1 42. Kg3 Qg1+ 43. Kh3 Qh1+ 44. Kg3 Be7 45. bxc4 Qg1+ 46. Kh3
Qh1+ 47. Kg3 Rd2 0-1